Score 0/58 Timer 05:00
2 Plays Today
Question Answer Wrong Answers
1788 George Washington
99.8%
1792 George Washington
99.3%
1820 James Monroe
96.8%
1816 James Monroe
96.3%
Rufus King
0.6%
1812 James Madison
95.9%
DeWitt Clinton
1.1%
1808 James Madison
95.9%
Charles Pinckney
1.3%
1804 Thomas Jefferson
95.3%
Charles Pinckney
2.4%
1832 Andrew Jackson
93.8%
Henry Clay
1.8%
William Wirt
0.4%
1864 Abraham Lincoln
93.4%
George McClellan
0.6%
1904 Theodore Roosevelt
93.4%
Alton Parker
0.3%
1872 Ulysses S. Grant
93.2%
Horace Greeley
0.8%
1860 Abraham Lincoln
93%
Stephen Douglas
0.5%
John Bell
0.3%
John C. Breckinridge
0.3%
1928 Herbert Hoover
92.9%
Al Smith
0.5%
1916 Woodrow Wilson
92.9%
Charles E. Hughes
0.6%
1952 Dwight D. Eisenhower
92.9%
Adlai Stevenson
0.3%
1936 Franklin D. Roosevelt
92.9%
Alf Landon
0.5%
1868 Ulysses S. Grant
92.7%
Horatio Seymour
1%
1956 Dwight D. Eisenhower
92.6%
Adlai Stevenson
0.5%
1964 Lyndon B. Johnson
92.6%
Barry Goldwater
0.5%
1880 James Garfield
92.6%
Winfield Scott Hancock
1.4%
1884 Grover Cleveland
92.5%
James G. Blaine
1.2%
1988 George H. W. Bush
92.5%
Michael Dukakis
0.2%
1984 Ronald Reagan
92.5%
Walter Mondale
0.3%
1972 Richard Nixon
92.3%
George McGovern
0.6%
1948 Harry S. Truman
92.3%
Thomas E. Dewey
0.7%
Strom Thurmond
0.2%
1968 Richard Nixon
92.3%
George Wallace
0.2%
Hubert Humphrey
0.5%
2008 Barack Obama
92.3%
John McCain
0.3%
2004 George W. Bush
92.2%
John Kerry
0.4%
1908 William H. Taft
92.1%
William Jennings Bryan
1.5%
1996 Bill Clinton
92.1%
Bob Dole
0.3%
Ross Perot
0.2%
2012 Barack Obama
92.1%
Mitt Romney
0.5%
1876 Rutherford B. Hayes
92%
Samuel Tilden
2%
1940 Franklin D. Roosevelt
91.9%
Wendell Willkie
1.4%
2000 George W. Bush
91.8%
Al Gore
0.8%
1924 Calvin Coolidge
91.6%
Robert La Follette
0.3%
John W. Davis
1.5%
1900 William McKinley
91.6%
William Jennings Bryan
2.1%
1896 William McKinley
91.1%
William Jennings Bryan
1.7%
1944 Franklin D. Roosevelt
90.9%
Thomas E. Dewey
2.4%
1920 Warren G. Harding
90.9%
James M. Cox
2.6%
2016 Donald Trump
89.4%
Hillary Clinton
2.9%
1796 John Adams
88.8%
Thomas Jefferson
10.6%
1960 John F. Kennedy
88.4%
Richard Nixon
4.7%
1852 Franklin Pierce
88.2%
Winfield Scott
2.3%
John P. Hale
3%
Jacob Broom
0.9%
1932 Franklin D. Roosevelt
85.6%
Herbert Hoover
7.7%
1980 Ronald Reagan
82.1%
Jimmy Carter
10.6%
John B. Anderson
0.1%
1824 John Quincy Adams
81.2%
Andrew Jackson
14.7%
Henry Clay
0.4%
William Crawford
0.4%
1992 Bill Clinton
81%
George H. W. Bush
11.6%
Ross Perot
0.1%
1848 Zachary Taylor
80.7%
Lewis Cass
0.7%
Martin Van Buren
13.3%
1800 Thomas Jefferson
79%
John Adams
19.6%
1892 Grover Cleveland
75.4%
Benjamin Harrison
17%
James B. Weaver
1.5%
1836 Martin Van Buren
74.1%
Daniel Webster
0.6%
Hugh White
0.4%
William H. Harrison
20.8%
1976 Jimmy Carter
73%
Gerald Ford
19.9%
1828 Andrew Jackson
72.1%
John Quincy Adams
24.2%
1840 William H. Harrison
71.1%
Martin Van Buren
24.5%
1888 Benjamin Harrison
67.9%
Grover Cleveland
26%
1912 Woodrow Wilson
65.5%
Theodore Roosevelt
15.7%
William H. Taft
12.3%
Eugene V. Debs
0.1%
1856 James Buchanan
58.2%
Millard Fillmore
35.4%
John C. Frémont
0.8%
1844 James K. Polk
57.1%
Henry Clay
1.6%
James Birney
0.6%
John Tyler
35.9%

You're not logged in!

Compare scores with friends on all Sporcle quizzes.
OR
Log In

Sporcle TV

Today on Sporcle TV


Watch our educational content, quiz creation guides, and fun videos on Sporcle TV.

Show Comments

Extras

Top Quizzes Today


Score Distribution

Paid Content

Your Account Isn't Verified!

In order to create a playlist on Sporcle, you need to verify the email address you used during registration. Go to your Sporcle Settings to finish the process.

Report this User

Report this user for behavior that violates our Community Guidelines.

Details: